| 000 | 01051cam a2200313 i 4500 | ||
|---|---|---|---|
| 001 | 384716 | ||
| 003 | ARRUPE | ||
| 005 | 20160307083929.0 | ||
| 008 | 781005s1976 pl abc b 000 0ceng | ||
| 010 | _a 78365558 | ||
| 015 | _aP77-192 | ||
| 020 | _czł270.00 | ||
| 040 |
_aDLC _cDLC _dDLC |
||
| 041 | 1 | _aengpol | |
| 043 |
_ae-pl--- _an-us--- |
||
| 050 | 0 | 0 |
_aDK4348.K67 _bK66 |
| 082 | 0 | 0 |
_a943.8/02/0922 _aB |
| 100 | 1 |
_aKopczewski, Jan Stanisław. _922660 |
|
| 240 | 1 | 0 |
_aKościuszko, Pulaski. _lEnglish |
| 245 | 1 | 0 |
_aKościuszko and Pulaski / _cJan Stanisław Kopczewski ; [design. by Jerzy Kepkiewicz ; transl. by Robert Strybel]. |
| 260 |
_aWarsaw : _b"Interpress", _c1976. |
||
| 300 |
_a328 p. ; _bill., maps, ports. ; _c22 x 25 cm. |
||
| 500 | _aTranslation of Kościuszko, Pułaski. | ||
| 504 | _aIncludes bibliographical references. | ||
| 600 | 1 | 0 |
_aKościuszko, Tadeusz, _d1746-1817. _922661 |
| 600 | 1 | 0 |
_aPułaski, Kazimierz, _d1747-1779. _922662 |
| 906 |
_a7 _bcbc _corignew _d4 _encip _f19 _gy-gencatlg |
||
| 942 |
_2lcc _cMONOGRAPH |
||
| 999 |
_c124280 _d124280 |
||